Statistics for Richest to Poorest - Western Europe

Click here to take the quiz!

General Stats

  • This quiz has been taken 51 times
  • The average score is 21 of 23

Answer Stats

USDCountryHint% Correct
$60.500GermanyG
98%
$180.300LiechtensteinL
98%
$132.600LuxembourgL
98%
$203.000MonacoM
98%
$74.300NorwayN
98%
$59.000BelgiumB
96%
$67.000DenmarkD
96%
$117.400IrelandI
96%
$63.500AustriaA
93%
$54.100FranceF
93%
$65.400NetherlandsN
93%
$52.200United KingdomU
93%
$56.100FinlandF
91%
$37.000PortugalP
91%
$82.200SwitzerlandS
91%
$62.400IcelandI
89%
$45.800SpainS
87%
$62.400SwedenS
87%
$58.900AndorraA
84%
$48.600ItalyI
84%
$69.500San MarinoS
84%
$50.800MaltaM
82%
$34.300GreeceG
71%

Score Distribution

Percentile by Number Answered

Percent of People with Each Score

Your Score History

You have not taken this quiz